| 000 | 00383nam a2200145Ia 4500 | ||
|---|---|---|---|
| 008 | 230711s9999||||xx |||||||||||||| ||und|| | ||
| 041 | _aENG | ||
| 082 |
_a621 _bVL-M |
||
| 100 | _aVlack H.van.Lawrence | ||
| 245 | 0 | _aElements of material science In engineering | |
| 250 | _a1st Ed. | ||
| 260 |
_c1991 _aNew Delhi _bPradeep publishers |
||
| 650 | _aMechanical Engineering | ||
| 942 | _cBK | ||
| 999 |
_c3035 _d3035 |
||